Calculus and analytic geometry / (Record no. 543945)

000 -LEADER
fixed length control field 00632pam a2200205 a 4500
020 ## - INTERNATIONAL STANDARD BOOK NUMBER
International Standard Book Number 0201162903
082 00 - DEWEY DECIMAL CLASSIFICATION NUMBER
Classification number 515.15
Author Mark THO
-- L-25 , P-30
100 1# - MAIN ENTRY--PERSONAL NAME
Personal name Thomas, George B.,
9 (RLIN) 55
245 10 - TITLE STATEMENT
Title Calculus and analytic geometry /
Statement of responsibility, etc. George B. Thomas, Jr., Ross L. Finney.
250 ## - EDITION STATEMENT
Edition statement 6th ed.
260 ## - PUBLICATION, DISTRIBUTION, ETC.
Place of publication, distribution, etc. Reading, Mass. :
Name of publisher, distributor, etc. Addison-Wesley Pub. Co.,
Date of publication, distribution, etc. c1984.
300 ## - PHYSICAL DESCRIPTION
Extent xxiii, 1041, [100] p. :
Other physical details ill. ;
Dimensions 26 cm.
500 ## - GENERAL NOTE
General note Includes index.
526 ## - STUDY PROGRAM INFORMATION NOTE
Program name 0
Interest level 0
Reading level 0
Title point value 515_150000000000000_THO
650 #0 - SUBJECT ADDED ENTRY--TOPICAL TERM
Topical term or geographic name entry element Calculus.
650 #0 - SUBJECT ADDED ENTRY--TOPICAL TERM
Topical term or geographic name entry element Geometry, Analytic.
9 (RLIN) 57
650 #0 - SUBJECT ADDED ENTRY--TOPICAL TERM
Topical term or geographic name entry element MCE
9 (RLIN) 379
700 1# - ADDED ENTRY--PERSONAL NAME
Personal name Finney, Ross L.
9 (RLIN) 58
942 ## - ADDED ENTRY ELEMENTS (KOHA)
Source of classification or shelving scheme
Koha item type Book
Holdings
Withdrawn status Lost status Source of classification or shelving scheme Damaged status Not for loan Permanent Location Current Location Date acquired Total Checkouts Full call number Barcode Date last seen Price effective from Koha item type
          Military College of Engineering (MCE) Military College of Engineering (MCE) 04/08/2014   515.15 THO MCE-13727 04/08/2014 04/08/2014 Book
© 2023 Central Library, National University of Sciences and Technology. All Rights Reserved.